| 000 | 00601 a2200205 4500 | ||
|---|---|---|---|
| 001 | 63714 | ||
| 005 | 20260407155935.0 | ||
| 008 | 260407a1948 arg spa d | ||
| 003 | AR-UNSa-BCEJYS | ||
| 040 |
_aAR-UNSa-BCEJYS _bspa _cAR-UNSa-BCEJYS |
||
| 080 |
_a651 _xOrganización de oficinas. Técnicas de trabajo en las oficinas |
||
| 245 | 1 | 0 | _aOrganización de la contaduría |
| 264 | 1 |
_aBuenos Aires : _bSelección Contable _c1948 |
|
| 300 |
_a296 p. _c20 cm. |
||
| 041 | _aspa | ||
| 942 | _cBK | ||
| 590 | _aniveau_biblio:m niveau_hierar:0 | ||
| 100 | 1 | _aRaul, Joaquin | |
| 700 | 1 | _aSeoane, Jorge | |
| 999 |
_c8274 _d8274 |
||